Ptaki stwierdzone w Polsce - 2023 - Statystyki

Ogólne statystyki
  • Ten quiz został rozwiązany 79 razy
  • Średni wynik to 157 z 475
Statystyki odpowiedzi
Odpowiedź % Poprawnych
Wróbel
85%
Gil
82%
Bocian biały
77%
Bocian czarny
77%
Kos
77%
Kruk
77%
Krzyżówka
77%
Szpak
74%
Bogatka
72%
Czapla biała
72%
Czapla siwa
72%
Jastrząb
72%
Zięba
72%
Bielik
69%
Dzięcioł czarny
69%
Dzięcioł zielony
69%
Łabędź niemy
69%
Myszołów
69%
Pustułka
69%
Skowronek
69%
Sójka
69%
Sokół wędrowny
69%
Zimorodek
69%
Bażant
67%
Dzięcioł duży
67%
Gawron
67%
Gęgawa
67%
Mazurek
67%
Sroka
67%
Żuraw
67%
Bąk
64%
Dudek
64%
Kawka
64%
Modraszka
64%
Mysikrólik
64%
Puchacz
64%
Sikora uboga
64%
Wilga
64%
Wrona siwa
64%
Cietrzew
62%
Czyż
62%
Dzięciołek
62%
Jer
62%
Krogulec
62%
Kuropatwa
62%
Łabędź krzykliwy
62%
Lodówka
62%
Perkoz dwuczuby
62%
Pliszka siwa
62%
Śmieszka
62%
Bączek
59%
Czajka
59%
Dzwoniec
59%
Głuszec
59%
Gołąb miejski
59%
Grzywacz
59%
Kokoszka
59%
Łyska
59%
Pliszka żółta
59%
Przepiórka
59%
Sierpówka
59%
Sosnówka
59%
Trznadel
59%
Żołna
59%
Czarnowron
56%
Dzięcioł średni
56%
Dzięcioł zielonosiwy
56%
Gęś zbożowa
56%
Kraska
56%
Mandarynka
56%
Puszczyk
56%
Rudzik
56%
Sóweczka
56%
Śpiewak
56%
Trzciniak
56%
Zniczek
56%
Czernica
54%
Jemiołuszka
54%
Jerzyk
54%
Krętogłów
54%
Kukułka
54%
Makolągwa
54%
Orzeł przedni
54%
Perkozek
54%
Pliszka górska
54%
Rybitwa rzeczna
54%
Rybołów
54%
Trzcinniczek
54%
Bernikla kanadyjska
51%
Czapla purpurowa
51%
Czarnogłówka
51%
Czubatka
51%
Dymówka
51%
Gągoł
51%
Grubodziób
51%
Hełmiatka
51%
Kania ruda
51%
Krakwa
51%
Oknówka
51%
Pierwiosnek
51%
Płaskonos
51%
Pluszcz
51%
Sieweczka obrożna
51%
Ślepowron
51%
Dzięcioł trójpalczasty
49%
Edredon
49%
Gęś białoczelna
49%
Kormoran
49%
Kowalik
49%
Kwiczoł
49%
Łabędź czarnodzioby
49%
Lelek
49%
Mewa srebrzysta
49%
Nurogęś
49%
Orzechówka
49%
Pełzacz leśny
49%
Pełzacz ogrodowy
49%
Perkoz rdzawoszyi
49%
Pleszka
49%
Płomykówka
49%
Pójdźka
49%
Świstun
49%
Szczygieł
49%
Turkawka
49%
Cyraneczka
46%
Drozd obrożny
46%
Gęś mała
46%
Kania czarna
46%
Mewa siwa
46%
Ohar
46%
Orlik krzykliwy
46%
Pomurnik
46%
Siniak
46%
Błotniak łąkowy
44%
Brzegówka
44%
Czapla nadobna
44%
Dzięcioł białogrzbiety
44%
Dzięcioł białoszyi
44%
Głowienka
44%
Krzyżodziób świerkowy
44%
Kulczyk
44%
Pliszka cytrynowa
44%
Pokląskwa
44%
Potrzos
44%
Puszczyk uralski
44%
Raniuszek
44%
Rokitniczka
44%
Rycyk
44%
Strzyżyk
44%
Świergotek łąkowy
44%
Uszatka
44%
Włochatka
44%
Wodnik
44%
Batalion
41%
Bernikla białolica
41%
Bielaczek
41%
Błotniak stawowy
41%
Cyranka
41%
Derkacz
41%
Dzierlatka
41%
Gąsiorek
41%
Gęś tundrowa
41%
Jarząbek
41%
Jarzębatka
41%
Myszołów włochaty
41%
Podgorzałka
41%
Rożeniec
41%
Sieweczka rzeczna
41%
Biegus zmienny
38%
Błotniak zbożowy
38%
Drop
38%
Kulik wielki
38%
Lerka
38%
Ogorzałka
38%
Orłosęp
38%
Potrzeszcz
38%
Rybitwa czarna
38%
Słonka
38%
Słowik rdzawy
38%
Świergotek polny
38%
Uhla
38%
Zielonka
38%
Alka
36%
Bekasik
36%
Bernikla obrożna
36%
Bernikla rdzawoszyja
36%
Cierniówka
36%
Czeczotka
36%
Droździk
36%
Gadożer
36%
Gęś krótkodzioba
36%
Kapturka
36%
Kląskawka
36%
Krzyżodziób sosnowy
36%
Lodowiec
36%
Markaczka
36%
Orzełek
36%
Ostrygojad
36%
Piecuszek
36%
Pustułeczka
36%
Puszczyk mszarny
36%
Sęp płowy
36%
Sikora lazurowa
36%
Szablodziób
36%
Szczudłak
36%
Alczyk
33%
Błotniak stepowy
33%
Brodziec piskliwy
33%
Czerniczka
33%
Dziwonia
33%
Kobuz
33%
Kopciuszek
33%
Kropiatka
33%
Kszyk
33%
Mewa romańska
33%
Orlik grubodzioby
33%
Paszkot
33%
Ścierwnik
33%
Siewka złota
33%
Słowik szary
33%
Sowa jarzębata
33%
Trzmielojad
33%
Wodniczka
33%
Birginiak
31%
Czapla złotawa
31%
Dubelt
31%
Gęsiówka egipska
31%
Karliczka
31%
Kobczyk
31%
Krwawodziób
31%
Łęczak
31%
Maskonur
31%
Mewa mała
31%
Mewa siodłata
31%
Nur rdzawoszyi
31%
Orzeł cesarski
31%
Raróg
31%
Remiz
31%
Sterniczka
31%
Syczek
31%
Szlamnik
31%
Warzęcha
31%
Zaganiacz
31%
Brodziec śniady
28%
Brzęczka
28%
Drzemlik
28%
Głuptak
28%
Kulon
28%
Mewa różowa
28%
Mornel
28%
Muchołówka żałobna
28%
Nagórnik
28%
Ortolan
28%
Pelikan różowy
28%
Perkoz rogaty
28%
Rybitwa białoczelna
28%
Rybitwa białowąsa
28%
Rybitwa różowa
28%
Rybitwa wielkodzioba
28%
Samotnik
28%
Sęp kasztanowaty
28%
Świstun amerykański
28%
Świstunka leśna
28%
Szlachar
28%
Turkan
28%
Uszatka błotna
28%
Wąsatka
28%
Zausznik
28%
Białorzytka
26%
Biegus malutki
26%
Biegus mały
26%
Biegus wielki
26%
Flaming różowy
26%
Górniczek
26%
Ibis kasztanowaty
26%
Kazarka rdzawa
26%
Kormoran czubaty
26%
Kulik mniejszy
26%
Markaczka amerykańska
26%
Mewa cienkodzioba
26%
Mewa żółtonoga
26%
Nur czarnoszyi
26%
Nurzyk
26%
Orzeł stepowy
26%
Pardwa mszarna
26%
Płochacz halny
26%
Puchacz śnieżny
26%
Rybitwa białoskrzydła
26%
Rybitwa czubata
26%
Rybitwa popielata
26%
Sieweczka morska
26%
Srokosz
26%
Świergotek drzewny
26%
Białozór
23%
Biegus krzywodzioby
23%
Biegus rdzawy
23%
Brodziec pławny
23%
Czajka szponiasta
23%
Czajka towarzyska
23%
Czapla modronosa
23%
Czeczotka tundrowa
23%
Dzierzba czarnoczelna
23%
Fulmar
23%
Kaniuk
23%
Kormoran mały
23%
Krzyżodziób modrzewiowy
23%
Mewa obrożna
23%
Mewa polarna
23%
Mewa śródziemnomorska
23%
Nurnik
23%
Pasterz
23%
Pelikan kędzierzawy
23%
Piegża
23%
Rybitwa krótkodzioba
23%
Siewnica
23%
Śnieguła
23%
Sokół skalny
23%
Strepet
23%
Strumieniówka
23%
Uhla azjatycka
23%
Żuraw stepowy
23%
Hubara arabska
21%
Jerzyk alpejski
21%
Kalandra szara
21%
Krogulec krótkonogi
21%
Kurhannik
21%
Łozówka
21%
Mewa blada
21%
Mewa czarnogłowa
21%
Perkoz grubodzioby
21%
Piaskowiec
21%
Podróżniczek
21%
Sieweczka pustynna
21%
Świergotek szponiasty
21%
Terekia
21%
Biegus karłowaty
18%
Biegus morski
18%
Cyraneczka karolińska
18%
Cyranka modroskrzydła
18%
Czajka stepowa
18%
Dzierzba rudogłowa
18%
Głuszek
18%
Kalandra czarna
18%
Kamusznik
18%
Kwokacz
18%
Mewa popielata
18%
Mewa trójpalczasta
18%
Muchołówka mała
18%
Muchołówka szara
18%
Nurzyk polarny
18%
Ogorzałka mała
18%
Orlica
18%
Raróg górski
18%
Rybaczek srokaty
18%
Siewka szara
18%
Siewka złotawa
18%
Siwerniak
18%
Trzcinniczek kaspijski
18%
Trznadelek
18%
Wydrzyk ostrosterny
18%
Wydrzyk tęposterny
18%
Zaroślówka
18%
Biegus arktyczny
15%
Biegus płowy
15%
Bielik wschodni
15%
Burzyk szary
15%
Gajówka
15%
Kulik cienkodzioby
15%
Łuskowiec
15%
Mewa białogłowa
15%
Mewa delawarska
15%
Mewa ochocka
15%
Nur białodzioby
15%
Orzeł południowy
15%
Płochacz syberyjski
15%
Pokrzywnica
15%
Poświerka
15%
Śnieżka
15%
Świergotek nadmorski
15%
Świerszczak
15%
Świstunka ałtajska
15%
Tamaryszka
15%
Trznadel czarnogłowy
15%
Wójcik
15%
Wydrzyk wielki
15%
Żwirowiec łąkowy
15%
Żwirowiec stepowy
15%
Biegus białorzytny
13%
Biegus płaskodzioby
13%
Brodziec plamisty
13%
Brodziec żółtonogi
13%
Czeczotka brązowa
13%
Jaskółka rudawa
13%
Junko
13%
Kamieniuszka
13%
Mewa modrodzioba
13%
Muchołówka białoszyja
13%
Płatkonóg płaskodzioby
13%
Pokrzewka aksamitna
13%
Pustynnik
13%
Skowrończyk krótkopalcowy
13%
Świergotek tajgowy
13%
Świstunka złotawa
13%
Turkawka wschodnia
13%
Bajkałówka
10%
Białorzytka płowa
10%
Białorzytka pustynna
10%
Biegus ostrosterny
10%
Burzyk północny
10%
Cierlik
10%
Drozdoń tajgowy
10%
Jerzyk blady
10%
Kalandra dwuplamista
10%
Kląskawka syberyjska
10%
Mewa karaibska
10%
Modraczek
10%
Nawałnik burzowy
10%
Nawałnik duży
10%
Płatkonóg szydłodzioby
10%
Rzepołuch
10%
Sieweczka długonoga
10%
Skowrończyk mały
10%
Sójka syberyjska
10%
Świergotek rdzawogardły
10%
Świergotek stepowy
10%
Świerszczak melodyjny
10%
Świstunka grubodzioba
10%
Świstunka iberyjska
10%
Świstunka żółtawa
10%
Szlamiec długodzioby
10%
Trznadel czubaty
10%
Trznadel rudogłowy
10%
Wieszczek
10%
Wróbel skalny
10%
Zaganiacz mały
10%
Bagiennik żółtobrewy
8%
Białorzytka saharyjska
8%
Burzyk żółtodzioby
8%
Drozd czarnogardły
8%
Drozd oliwkowy
8%
Dzierzba pustynna
8%
Dzierzba rdzawosterna
8%
Głuptak białobrzuchy
8%
Nur pacyficzny
8%
Oceannik żółtopłetwy
8%
Pliszka syberyjska
8%
Srokosz północny
8%
Świstunka brunatna
8%
Świstunka górska
8%
Trznadel złotawy
8%
Wydrzyk długosterny
8%
Zaganiacz blady
8%
Zaganiacz szczebiotliwy
8%
Biegus długoskrzydły
5%
Biegus tundrowy
5%
Brodziec piegowaty
5%
Drozdaczek ciemny
5%
Drozd rdzawy
5%
Osetnik
5%
Płochacz czarnogardły
5%
Pokrzewka wąsata
5%
Skowronek białoskrzydły
5%
Trznadel białogłowy
5%
Trznadel szarogłowy
5%
Wireonek czerwonooki
5%
Białorzytka pstra
3%
Burzyk balearski
3%
Drozd rdzawogardły
3%
Drozd rdzawoskrzydły
3%
Gilak pustynny
3%
Pokrzewka iberyjska
3%
Sieweczka tybetańska
3%
Słowik syberyjski
3%
Trznadel złotobrewy
3%
Świstunka północna
0%
Nie znaleziono quizów pasujących do podanych kryteriów
Rozkład punktacji
Procent ludzi z każdym wynikiem
Percentyl według liczby udzielonych odpowiedzi
Twoja historia wyników
Nie rozwiązałeś tego quizu